000 00420nam a2200169Ia 4500
003 GCL
008 140319s9999 xx 000 0 ara d
040 _aGCL /
_cGCL
082 0 4 _a813.03
_bح و
100 1 _aحميدة نعنع
245 1 0 _aالوطن فى العينين /
_cحميدة نعنع
300 _a207 ص
490 _a
650 0 4 _aالادب العربى
650 0 4 _aالقصص
942 _2ddc
_cBK
999 _c41521
_d41521